Tự nhiên và xã hội 2

में बचाया:
ग्रंथसूची विवरण
मुख्य लेखक: Bùi, Phương Nga
अन्य लेखक: Lê, Thị Thu Dinh
स्वरूप: पुस्तक
भाषा:Undetermined
प्रकाशित: H. Giáo dục 2005
विषय:
ऑनलाइन पहुंच:http://lrc.tdmu.edu.vn/opac/search/detail.asp?aID=2&ID=4452
टैग : टैग जोड़ें
कोई टैग नहीं, इस रिकॉर्ड को टैग करने वाले पहले व्यक्ति बनें!
Thư viện lưu trữ: Trung tâm Học liệu Trường Đại học Thủ Dầu Một
LEADER 00598nam a2200205Ia 4500
001 TDMU_4452
008 210410s9999 xx 000 0 und d
082 |a 372.35 
090 |b B510 
100 |a Bùi, Phương Nga 
245 0 |a Tự nhiên và xã hội 2 
245 0 |c Bùi Phương Nga 
260 |a H. 
260 |b Giáo dục 
260 |c 2005 
300 |a 71tr 
650 |a Sách lớp 2 
700 |a Lê, Thị Thu Dinh 
856 |u http://lrc.tdmu.edu.vn/opac/search/detail.asp?aID=2&ID=4452 
980 |a Trung tâm Học liệu Trường Đại học Thủ Dầu Một